skbl

Dr Suryya Kumar Bhuyan Library Web-OPAC
ডঃ সূৰ্য্য
কুমাৰ ভূঞা পুথিভঁৰাল ৱেব-অ'পেক

All Research Scholars are advised to clear the annual library fees to continue using Library Resources, Remote Access, Plagiarism Test and Library Clearance.

Cotton University Book Fair 2026

The Art of the Essayist / (Record no. 5877)

MARC details
000 -LEADER
fixed length control field 01042nam a2200445Ia 4500
001 - CONTROL NUMBER
control field 5890
005 - DATE AND TIME OF LATEST TRANSACTION
control field 20240113233853.0
007 - PHYSICAL DESCRIPTION FIXED FIELD--GENERAL INFORMATION
fixed length control field ta
008 - FIXED-LENGTH DATA ELEMENTS--GENERAL INFORMATION
fixed length control field 050623s9601 a g b000 u eng u
020 ## - INTERNATIONAL STANDARD BOOK NUMBER
Terms of availability PB
040 ## - CATALOGING SOURCE
Original cataloging agency Cotton College Assam
041 ## - LANGUAGE CODE
Language code of text/sound track or separate title eng
082 ## - DEWEY DECIMAL CLASSIFICATION NUMBER
Classification number 824.08
Item number Lo 799 Ar
082 ## - DEWEY DECIMAL CLASSIFICATION NUMBER
Classification number 824.91
Item number L 812 Ar
100 ## - MAIN ENTRY--PERSONAL NAME
Personal name Lockitt, C.H. .
245 #0 - TITLE STATEMENT
Title The Art of the Essayist /
Statement of responsibility, etc. C.H. Lockitt.
Medium Textual Documents
250 ## - EDITION STATEMENT
Edition statement 1st ed. /
260 ## - PUBLICATION, DISTRIBUTION, ETC.
Place of publication, distribution, etc. England :
Name of publisher, distributor, etc. Longman ,
Date of publication, distribution, etc. 19601.
300 ## - PHYSICAL DESCRIPTION
Extent 256p. :
Other physical details ill. ;
Dimensions 18cm .
653 ## - INDEX TERM--UNCONTROLLED
Uncontrolled term English Essays-Collections
653 ## - INDEX TERM--UNCONTROLLED
Uncontrolled term G-English
653 ## - INDEX TERM--UNCONTROLLED
Uncontrolled term PG-English
653 ## - INDEX TERM--UNCONTROLLED
Uncontrolled term MS-English
653 ## - INDEX TERM--UNCONTROLLED
Uncontrolled term T/G- English
653 ## - INDEX TERM--UNCONTROLLED
Uncontrolled term T/MS-English
653 ## - INDEX TERM--UNCONTROLLED
Uncontrolled term T/PG-English
942 ## - ADDED ENTRY ELEMENTS (KOHA)
Source of classification or shelving scheme Dewey Decimal Classification
Koha item type Books
Holdings
Withdrawn status Lost status Damaged status Not for loan Collection Home library Current library Date acquired Coded location qualifier Total checkouts Full call number Barcode Date last seen Copy number Price effective from Koha item type
          Dr. Suryya Kumar Bhuyan Library Dr. Suryya Kumar Bhuyan Library 01/02/2012 00000   824.08 Lo 799 Ar 88509 13/01/2024 2 01/02/2012 Books
          Dr. Suryya Kumar Bhuyan Library Dr. Suryya Kumar Bhuyan Library 01/02/2012 00000   824.08 Lo 799 Ar 43694 13/01/2024 1 01/02/2012 Books
          Dr. Suryya Kumar Bhuyan Library Dr. Suryya Kumar Bhuyan Library 01/02/2012 00000   824.08 Lo 799 Ar 43695 13/01/2024 9 01/02/2012 Books
          Dr. Suryya Kumar Bhuyan Library Dr. Suryya Kumar Bhuyan Library 01/02/2012 00000   824.08 Lo 799 Ar 43696 13/01/2024 4 01/02/2012 Books
          Dr. Suryya Kumar Bhuyan Library Dr. Suryya Kumar Bhuyan Library 01/02/2012 00000   824.08 Lo 799 Ar 45860 13/01/2024 5 01/02/2012 Books
          Dr. Suryya Kumar Bhuyan Library Dr. Suryya Kumar Bhuyan Library 01/02/2012 00000   824.08 Lo 799 Ar 45861 13/01/2024 8 01/02/2012 Books
          Dr. Suryya Kumar Bhuyan Library Dr. Suryya Kumar Bhuyan Library 01/02/2012 00000   824.08 Lo 799 Ar 45862 13/01/2024 7 01/02/2012 Books
          Dr. Suryya Kumar Bhuyan Library Dr. Suryya Kumar Bhuyan Library 01/02/2012 00000   824.08 Lo 799 Ar 49248 13/01/2024 6 01/02/2012 Books
          Dr. Suryya Kumar Bhuyan Library Dr. Suryya Kumar Bhuyan Library 01/02/2012 00000   824.08 Lo 799 Ar 49249 13/01/2024 10 01/02/2012 Books
          Dr. Suryya Kumar Bhuyan Library Dr. Suryya Kumar Bhuyan Library 01/02/2012 00000   824.08 Lo 799 Ar 49252 13/01/2024 3 01/02/2012 Books
          Dr. Suryya Kumar Bhuyan Library Dr. Suryya Kumar Bhuyan Library 01/02/2012 00000   824.08 Lo 799 Ar 57628 13/01/2024 11 01/02/2012 Books

Designed and Maintained by Team SKBL
©1901-2026

Powered by Koha